| 000 | 00874nam a2200169 a 4500 | ||
|---|---|---|---|
| 008 | 120416s1974 ||||||||||||||||| || u | ||
| 050 | _aQA 278.2 Net | ||
| 100 | _aNeter, John | ||
| 245 | 1 | 0 | _aApplied Linear statistical models |
| 246 | _aregression, analysis of variance and experimental designs | ||
| 260 |
_aHomewood, Ill. _bIrwin _c1974 |
||
| 300 | _axvii, 842p. : ill | ||
| 350 | _a0.00 | ||
| 995 |
_aMAIN LIBRARY OPEN ACCESS _D0.00 _e713382 _FCBU-MAIN LIBRARY (Kitwe) _H1 _I0.00 _jQA 278.2 Net _UAVAILABLE _y018768 _ZMain Library Open Access Collection |
||
| 995 |
_aMAIN LIBRARY OPEN ACCESS _D0.00 _e713760 _FCBU-MAIN LIBRARY (Kitwe) _H3 _I0.00 _jQA 278.2 Net _M1 _UAVAILABLE _y011490 _ZMain Library Open Access Collection |
||
| 995 |
_aMAIN LIBRARY OPEN ACCESS _D0.00 _e713383 _FCBU-MAIN LIBRARY (Kitwe) _H2 _I0.00 _jQA 278.2 Net _M2 _UAVAILABLE _y011881 _ZMain Library Open Access Collection |
||
| 999 |
_c84288 _d84288 |
||